[Event "XXII Festival Conca della Presolana Magistrale"]
[Site "Bratto - Castione della Presolana ITA"]
[Date "2002.08.25"]
[Round "6"]
[White "Zanellato, Lorenzo"]
[Black "Osuna Munoz, Xavier"]
[Result "1/2-1/2"]
[WhiteElo "2048"]
[BlackElo "2113"]
[PlyCount "20"]
[EventDate "2002.08.20"]

1.d4 Nf6 2.c4 d6 3.Nc3 g6 4.e4 Bg7 5.Nf3 O-O 6.Be2 c5 7.O-O cxd4 8.Nxd4 
Nc6 9.Be3 a6 10.Qd2 Ng4 1/2-1/2

[Event "XXII Festival Conca della Presolana Magistrale"]
[Site "Bratto - Castione della Presolana ITA"]
[Date "2002.08.25"]
[Round "6"]
[White "Zichichi, Alvise"]
[Black "Berni, Fabrizio"]
[Result "1-0"]
[WhiteElo "2312"]
[BlackElo "2116"]
[PlyCount "75"]
[EventDate "2002.08.20"]

1.d4 e6 2.Nf3 d5 3.e3 Nf6 4.Bd3 Be7 5.O-O Nbd7 6.Nbd2 c5 7.b3 O-O 8.Bb2 b6
9.Ne5 Bb7 10.Qf3 Qc7 11.Qh3 Nxe5 12.dxe5 Ne4 13.f3 Ng5 14.Qg4 g6 15.h4 h5 
16.Qg3 Nh7 17.Qh3 Qd8 18.g3 Rc8 19.Rad1 b5 20.Bxb5 c4 21.bxc4 a6 22.Ba4 
Bc5 23.Bb3 Bxe3+ 24.Kh2 Qa5 25.cxd5 Bxd2 26.dxe6 Bc3 27.exf7+ Kg7 28.Bxc3 
Rxc3 29.e6 Re3 30.Qg2 Nf6 31.Qd2 Qe5 32.Rde1 Ng4+ 33.Kh3 Qf5 34.Qd4+ Ne5+ 
35.Kh2 Rxe1 36.Rxe1 Qxf3 37.Qxe5+ Kh7 38.Qe2 1-0

[Event "XXII Festival Conca della Presolana Magistrale"]
[Site "Bratto - Castione della Presolana ITA"]
[Date "2002.08.26"]
[Round "7"]
[White "Aglietti, Graziano"]
[Black "Moncelli, Giorgio"]
[Result "1/2-1/2"]
[WhiteElo "2069"]
[BlackElo "2155"]
[PlyCount "94"]
[EventDate "2002.08.20"]

1.e4 c5 2.c3 Nf6 3.e5 Nd5 4.d4 cxd4 5.Nf3 e6 6.cxd4 b6 7.Nc3 Nxc3 8.bxc3 
Qc7 9.Bd2 d6 10.Bd3 Nd7 11.exd6 Bxd6 12.O-O Bb7 13.Re1 O-O 14.h3 Bf4 15.
Ng5 Nf6 16.Bxf4 Qxf4 17.Re5 Qh4 18.Nxh7 Rfc8 19.Nxf6+ Qxf6 20.Rc1 Rc7 21.
Be4 Bxe4 22.Rxe4 Rac8 23.Qb3 Rc4 24.Re3 Rxd4 25.c4 Rc5 26.Rf3 Qe5 27.Qa4 
Qb8 28.Qb3 Qc7 29.Rd3 Rxd3 30.Qxd3 b5 31.Rd1 bxc4 32.Qd8+ Qxd8 33.Rxd8+ 
Kh7 34.Rd2 Rd5 35.Rc2 Rd1+ 36.Kh2 Rd4 37.Kg3 Kg6 38.Kf3 Kf5 39.Ke3 Ke5 40.
Rc3 Kd5 41.Ra3 Re4+ 42.Kd2 Kd4 43.Rxa7 c3+ 44.Kd1 c2+ 45.Kxc2 Re2+ 46.Kb3 
Rxf2 47.a4 Rxg2 1/2-1/2

[Event "XXII Festival Conca della Presolana Magistrale"]
[Site "Bratto - Castione della Presolana ITA"]
[Date "2002.08.26"]
[Round "7"]
[White "Antognini, Francesco"]
[Black "Zanellato, Lorenzo"]
[Result "1-0"]
[WhiteElo "2094"]
[BlackElo "2048"]
[PlyCount "65"]
[EventDate "2002.08.20"]

1.e4 c6 2.d4 d5 3.exd5 cxd5 4.c4 Nf6 5.Nc3 e6 6.Nf3 Bb4 7.cxd5 Nxd5 8.Bd2 
Nc6 9.Bd3 Nf6 10.a3 Be7 11.Bg5 O-O 12.O-O h6 13.Bh4 Bd7 14.Bc2 Nd5 15.Qd3 
g6 16.Bg3 Bf6 17.Ne5 Be8 18.Rad1 Nxc3 19.Qxc3 Qb6 20.Nc4 Qd8 21.Be5 b5 22.
Nd6 Bxe5 23.dxe5 Qb6 24.Be4 Bd7 25.Rc1 Nd4 26.Qd3 Rad8 27.Bxg6 Kg7 28.Be4 
Rg8 29.Rfd1 Nc6 30.Qg3+ Kf8 31.Qf4 Rg7 32.Qxh6 Nxe5 33.Qh8+ 1-0

[Event "XXII Festival Conca della Presolana Magistrale"]
[Site "Bratto - Castione della Presolana ITA"]
[Date "2002.08.26"]
[Round "7"]
[White "Astengo, Corrado"]
[Black "Radice, Luca"]
[Result "1/2-1/2"]
[WhiteElo "2195"]
[BlackElo "2064"]
[PlyCount "53"]
[EventDate "2002.08.20"]

1.e4 e6 2.d4 d5 3.Nc3 dxe4 4.Nxe4 Bd7 5.Nf3 Bc6 6.Ng3 Nd7 7.Bd3 Ngf6 8.O-O
Be7 9.b3 O-O 10.c4 Bxf3 11.Qxf3 c6 12.Bb2 Qc7 13.Rfe1 Rfe8 14.Rad1 Rad8 
15.Nh5 Nxh5 16.Qxh5 g6 17.Qf3 Bf6 18.Be4 Bg7 19.h4 Nf6 20.Bb1 Nh5 21.g4 
Qf4 22.Qxf4 Nxf4 23.Bc1 e5 24.dxe5 Rxd1 25.Rxd1 Ne2+ 26.Kf1 Nxc1 27.Rxc1 
1/2-1/2

[Event "XXII Festival Conca della Presolana Magistrale"]
[Site "Bratto - Castione della Presolana ITA"]
[Date "2002.08.26"]
[Round "7"]
[White "Astengo, Marcello"]
[Black "Bertazzo, Giorgio"]
[Result "1/2-1/2"]
[WhiteElo "2124"]
[BlackElo "2158"]
[PlyCount "76"]
[EventDate "2002.08.20"]

1.d4 Nf6 2.c4 g6 3.d5 c6 4.Nc3 cxd5 5.cxd5 Qa5 6.g3 Bg7 7.Bg2 O-O 8.Nh3 d6
9.O-O Nbd7 10.Nf4 Ne5 11.Be3 Bd7 12.Bd4 Rfc8 13.Rc1 Rab8 14.Nd3 Nxd3 15.
Qxd3 b5 16.a3 Qc7 17.Na2 Qb7 18.Nb4 Ne8 19.Bxg7 Kxg7 20.Qd4+ Kg8 21.Qe3 a5
22.Nc2 Rc4 23.Nd4 Rbc8 24.Rxc4 bxc4 25.Qxe7 c3 26.bxc3 Rxc3 27.Ne6 fxe6 
28.dxe6 Bc6 29.Qxe8+ Bxe8 30.Bxb7 Rxa3 31.Bd5 Rc3 32.Rb1 Rc5 33.e4 Rb5 34.
Rc1 Rc5 35.Rb1 Rb5 36.Rc1 Rc5 37.Rb1 Rb5 38.Rc1 Rc5 1/2-1/2

[Event "XXII Festival Conca della Presolana Magistrale"]
[Site "Bratto - Castione della Presolana ITA"]
[Date "2002.08.26"]
[Round "7"]
[White "Berni, Fabrizio"]
[Black "Marinelli, Gian Marco"]
[Result "1-0"]
[WhiteElo "2116"]
[BlackElo "2060"]
[PlyCount "45"]
[EventDate "2002.08.20"]

1.e4 c5 2.Nf3 Nc6 3.Nc3 d6 4.Bc4 Nf6 5.d3 Bg4 6.h3 Bxf3 7.Qxf3 g6 8.O-O 
Bg7 9.Bg5 O-O 10.Qd1 e6 11.f4 Qb8 12.f5 gxf5 13.Qe1 Ne5 14.exf5 d5 15.Qh4 
dxc4 16.Bxf6 Bxf6 17.Qxf6 Nd7 18.Qh6 Qg3 19.fxe6 Ne5 20.Ne4 Qg7 21.Nf6+ 
Kh8 22.Qxg7+ Kxg7 23.Rae1 1-0

[Event "XXII Festival Conca della Presolana Magistrale"]
[Site "Bratto - Castione della Presolana ITA"]
[Date "2002.08.26"]
[Round "7"]
[White "Bertino, Andrea"]
[Black "Barlocco, Carlo"]
[Result "0-1"]
[WhiteElo "1915"]
[BlackElo "2136"]
[PlyCount "64"]
[EventDate "2002.08.20"]

1.d4 d5 2.c4 e6 3.Nc3 Bb4 4.e3 Ne7 5.Nf3 c5 6.a3 Bxc3+ 7.bxc3 b6 8.cxd5 
exd5 9.Ne5 O-O 10.Be2 Bf5 11.O-O Nd7 12.Nd3 c4 13.Nf4 Nf6 14.Bd2 Nc8 15.g3
Nd6 16.Ng2 Re8 17.Be1 Bh3 18.Bd2 Nfe4 19.Re1 Bxg2 20.Kxg2 Re6 21.Rh1 Qg5 
22.Be1 Rae8 23.Rc1 Nf5 24.h4 Qg6 25.Bg4 Nexg3 26.h5 Qg5 27.Qf3 g6 28.hxg6 
Rxg6 29.fxg3 Nxe3+ 30.Kf2 Nxg4+ 31.Kg2 Qxc1 32.Bf2 Qd2 0-1

[Event "XXII Festival Conca della Presolana Magistrale"]
[Site "Bratto - Castione della Presolana ITA"]
[Date "2002.08.26"]
[Round "7"]
[White "Campanile, Antonio"]
[Black "Marzano, Carlo"]
[Result "1/2-1/2"]
[WhiteElo "2140"]
[BlackElo "2258"]
[PlyCount "54"]
[EventDate "2002.08.20"]

1.c4 c6 2.e4 d5 3.exd5 cxd5 4.cxd5 Nf6 5.Qa4+ Nbd7 6.Nc3 g6 7.Nf3 Bg7 8.
Be2 O-O 9.O-O Nb6 10.Qh4 Nbxd5 11.d4 Qa5 12.Bd2 Nxc3 13.bxc3 b6 14.Rfb1 
Ba6 15.Bxa6 Qxa6 16.a4 Qd3 17.Re1 e6 18.Rac1 Rac8 19.Re3 Qf5 20.Re5 Qg4 
21.Qxg4 Nxg4 22.Rb5 Rfd8 23.a5 Rd5 24.Rxd5 exd5 25.axb6 axb6 26.Rb1 Rc6 
27.Rb5 Nf6 1/2-1/2

[Event "XXII Festival Conca della Presolana Magistrale"]
[Site "Bratto - Castione della Presolana ITA"]
[Date "2002.08.26"]
[Round "7"]
[White "Citti, Gianluca"]
[Black "Bellincampi, Stefano"]
[Result "1-0"]
[WhiteElo "2157"]
[BlackElo "2082"]
[PlyCount "57"]
[EventDate "2002.08.20"]

1.e4 e5 2.d4 exd4 3.Qxd4 Nc6 4.Qe3 Nf6 5.Nc3 Be7 6.Bc4 d6 7.Bd2 O-O 8.
O-O-O Be6 9.Bxe6 fxe6 10.Qh3 Qc8 11.f4 b5 12.Qd3 b4 13.Nce2 a5 14.e5 dxe5 
15.Qc4 Ra6 16.Nf3 Nd5 17.fxe5 a4 18.Nf4 Na5 19.Nxd5 exd5 20.Qxd5+ Kh8 21.
Rhf1 b3 22.cxb3 axb3 23.Bxa5 Qf5 24.axb3 Rfa8 25.g4 Qf4+ 26.Bd2 Ra1+ 27.
Kc2 Rxd1 28.Rxd1 Qxg4 29.Qxa8+ 1-0

[Event "XXII Festival Conca della Presolana Magistrale"]
[Site "Bratto - Castione della Presolana ITA"]
[Date "2002.08.26"]
[Round "7"]
[White "Del Rio Angelis, Salvador Gabriel"]
[Black "Mantovani, Renzo"]
[Result "1-0"]
[WhiteElo "2504"]
[BlackElo "2369"]
[PlyCount "103"]
[EventDate "2002.08.20"]

1.d4 Nf6 2.Nf3 e6 3.g3 b5 4.Bg2 Bb7 5.O-O c5 6.c3 Be7 7.Bg5 Qb6 8.a4 cxd4 
9.a5 Qd8 10.cxd4 a6 11.Nbd2 O-O 12.Nb3 d6 13.Ne1 Bxg2 14.Kxg2 Nbd7 15.Nd3 
Rc8 16.Bxf6 Nxf6 17.e3 Rc4 18.Nd2 Qa8+ 19.Qf3 Rc2 20.Rfd1 d5 21.Rac1 Rfc8 
22.Nb3 Rxc1 23.Rxc1 Rxc1 24.Nbxc1 Qc6 25.Qd1 Ne4 26.Nb3 g6 27.Nbc5 Bxc5 
28.dxc5 Nf6 29.b4 d4+ 30.Qf3 Qxf3+ 31.Kxf3 dxe3 32.fxe3 Kf8 33.e4 Ke7 34.
Ne5 Ne8 35.g4 f6 36.Nd3 g5 37.Ke3 Ng7 38.c6 Ne8 39.Kd4 Kd6 40.e5+ Kxc6 41.
Ke4 fxe5 42.Kxe5 Nc7 43.Nc5 Nd5 44.Nxa6 Ne3 45.h3 Nd5 46.Kxe6 Nf4+ 47.Kf5 
Nxh3 48.Nc5 h6 49.Nd3 Kd5 50.a6 Kc6 51.Ke4 Kb6 52.Kf3 1-0

[Event "XXII Festival Conca della Presolana Magistrale"]
[Site "Bratto - Castione della Presolana ITA"]
[Date "2002.08.26"]
[Round "7"]
[White "Dervishi, Erald"]
[Black "Zichichi, Alvise"]
[Result "1-0"]
[WhiteElo "2523"]
[BlackElo "2312"]
[PlyCount "63"]
[EventDate "2002.08.20"]

1.e4 c5 2.Nf3 e6 3.d4 cxd4 4.Nxd4 a6 5.Bd3 Nf6 6.O-O d6 7.c4 Be7 8.Nc3 O-O
9.Be3 Nbd7 10.Rc1 Ne5 11.Be2 Bd7 12.Kh1 Rc8 13.b3 Qc7 14.f4 Ng6 15.f5 Ne5 
16.Qe1 Qb8 17.Qg3 Kh8 18.a4 b5 19.axb5 axb5 20.Ndxb5 Bxb5 21.Nxb5 Nxe4 22.
Qh3 Bg5 23.Bxg5 Nxg5 24.Qe3 h6 25.f6 Rg8 26.Rcd1 Rcd8 27.fxg7+ Kxg7 28.
Nxd6 f6 29.c5 Rgf8 30.Rd4 Nc6 31.Rg4 Rxd6 32.cxd6 1-0

[Event "XXII Festival Conca della Presolana Magistrale"]
[Site "Bratto - Castione della Presolana ITA"]
[Date "2002.08.26"]
[Round "7"]
[White "Di Paolo, Raffaele"]
[Black "Giretti Kanev, Jasen"]
[Result "1-0"]
[WhiteElo "2319"]
[BlackElo "2193"]
[PlyCount "69"]
[EventDate "2002.08.20"]

1.e4 e6 2.d4 d5 3.Nd2 Nc6 4.Ngf3 Nf6 5.e5 Nd7 6.Nb3 a5 7.a4 b6 8.Bb5 Na7 
9.O-O Nxb5 10.axb5 Bb7 11.Re1 Be7 12.c3 Nf8 13.Qd3 c6 14.bxc6 Bxc6 15.Bd2 
Ng6 16.g3 Qd7 17.Bg5 Bf8 18.h4 Bb5 19.Qd2 h6 20.Be3 Ne7 21.h5 Nf5 22.Bf4 
Qe7 23.Qc2 Rg8 24.Nh2 g5 25.Bc1 Qc7 26.Ng4 Be7 27.Nd2 Kf8 28.Nf3 Rc8 29.
Bd2 Qc4 30.b3 Qd3 31.Qxd3 Bxd3 32.Nf6 Bxf6 33.exf6 Nd6 34.Ne5 Ke8 35.Nxd3 
1-0

[Event "XXII Festival Conca della Presolana Magistrale"]
[Site "Bratto - Castione della Presolana ITA"]
[Date "2002.08.26"]
[Round "7"]
[White "Drazic, Sinisa"]
[Black "Bresciani, Nicola"]
[Result "1-0"]
[WhiteElo "2486"]
[BlackElo "2270"]
[PlyCount "139"]
[EventDate "2002.08.20"]

1.Nf3 Nf6 2.c4 b6 3.Nc3 Bb7 4.d4 e6 5.a3 d5 6.cxd5 Nxd5 7.Bd2 Nd7 8.Qc2 
Be7 9.e4 Nxc3 10.Bxc3 O-O 11.Rd1 Qc8 12.Bd3 Ba6 13.O-O Bxd3 14.Qxd3 c6 15.
Rfe1 Rd8 16.h3 Nf6 17.Qe3 Qb7 18.g4 h6 19.Kg2 Rac8 20.Rd2 Qb8 21.Red1 Qc7 
22.b4 b5 23.Rc2 Qb7 24.Re1 Nd7 25.Nd2 Nb6 26.Nb3 Nc4 27.Qe2 a5 28.bxa5 
Nxa3 29.Ra2 Nc4 30.Rc1 Qa7 31.Be1 Bg5 32.Rc3 Qe7 33.a6 Bf4 34.Rxc4 bxc4 
35.Qxc4 Bb8 36.Ba5 Re8 37.Bb4 Qc7 38.e5 Ba7 39.Bd6 Qd7 40.Nc5 Bxc5 41.dxc5
Ra8 42.Rb2 Qc8 43.Rb7 Rd8 44.Rc7 Qxa6 45.Qf4 Rf8 46.Bxf8 Rxf8 47.Qe4 Rc8 
48.Rd7 Qa1 49.Qf4 Rf8 50.Rc7 Qd1 51.Qe4 Rd8 52.Rxc6 Qd5 53.Qxd5 Rxd5 54.
Rc8+ Kh7 55.f4 g5 56.Kf3 Rd3+ 57.Ke4 Rxh3 58.f5 Rg3 59.f6 Rxg4+ 60.Kd3 
Rg3+ 61.Kc4 Rg1 62.c6 h5 63.Kc5 h4 64.Rf8 Kg6 65.c7 h3 66.c8=Q Rc1+ 67.Kd4
Rxc8 68.Rxc8 Kf5 69.Rf8 g4 70.Rxf7 1-0

[Event "XXII Festival Conca della Presolana Magistrale"]
[Site "Bratto - Castione della Presolana ITA"]
[Date "2002.08.26"]
[Round "7"]
[White "Fuggetta, Leonardo"]
[Black "Campini, Marco"]
[Result "1/2-1/2"]
[WhiteElo "2051"]
[BlackElo "2169"]
[PlyCount "51"]
[EventDate "2002.08.20"]

1.c4 c5 2.g3 Nf6 3.Bg2 Nc6 4.Nc3 e6 5.Nf3 d5 6.cxd5 exd5 7.d4 cxd4 8.Nxd4 
Bb4 9.O-O O-O 10.Bg5 Be6 11.e4 Nxd4 12.e5 Bxc3 13.bxc3 Nb5 14.exf6 gxf6 
15.Bh6 Re8 16.Qd3 Nd6 17.Bf4 Rc8 18.Rfd1 Rc5 19.Be3 Ra5 20.Bd4 Nf5 21.Qf3 
Ra4 22.Qg4+ Ng7 23.Qh4 Nf5 24.Qg4+ Ng7 25.Qh4 Nf5 26.Qg4+ 1/2-1/2

[Event "XXII Festival Conca della Presolana Magistrale"]
[Site "Bratto - Castione della Presolana ITA"]
[Date "2002.08.26"]
[Round "7"]
[White "Galli, Fabio"]
[Black "Podini, Francesco"]
[Result "1/2-1/2"]
[WhiteElo "2087"]
[BlackElo "2054"]
[PlyCount "24"]
[EventDate "2002.08.20"]

1.e4 c5 2.Nf3 e6 3.d4 cxd4 4.Nxd4 Nf6 5.Bd3 d5 6.e5 Nfd7 7.f4 Qb6 8.Nb3 
Nc6 9.c3 Nc5 10.Be3 Nxd3+ 11.Qxd3 Qc7 12.N1d2 Be7 1/2-1/2

[Event "XXII Festival Conca della Presolana Magistrale"]
[Site "Bratto - Castione della Presolana ITA"]
[Date "2002.08.26"]
[Round "7"]
[White "Godena, Michele"]
[Black "Guido, Flavio"]
[Result "1-0"]
[WhiteElo "2488"]
[BlackElo "2327"]
[PlyCount "49"]
[EventDate "2002.08.20"]

1.e4 c5 2.Nf3 e6 3.c3 d5 4.exd5 Qxd5 5.d4 Nf6 6.Na3 Qd8 7.Nc2 Nc6 8.Bd3 
cxd4 9.Ncxd4 Nxd4 10.Nxd4 Bc5 11.Be3 Bb6 12.O-O O-O 13.Bg5 h6 14.Bh4 Bxd4 
15.cxd4 Bd7 16.Re1 Bc6 17.Re5 Qe7 18.Qd2 Rfd8 19.Rae1 Kf8 20.Bc4 Qd6 21.
Bxf6 gxf6 22.Qxh6+ Ke7 23.Rxe6+ fxe6 24.Qg7+ Ke8 25.Bxe6 1-0

[Event "XXII Festival Conca della Presolana Magistrale"]
[Site "Bratto - Castione della Presolana ITA"]
[Date "2002.08.26"]
[Round "7"]
[White "Griffa, Roberto"]
[Black "Del Dotto, Riccardo"]
[Result "1/2-1/2"]
[WhiteElo "2080"]
[BlackElo "2199"]
[PlyCount "22"]
[EventDate "2002.08.20"]

1.d4 d5 2.c4 c6 3.cxd5 cxd5 4.Bf4 Nc6 5.Nc3 Nf6 6.e3 a6 7.Bd3 e6 8.Rc1 Bd6
9.Bxd6 Qxd6 10.f4 b5 11.Nf3 Bb7 1/2-1/2

[Event "XXII Festival Conca della Presolana Magistrale"]
[Site "Bratto - Castione della Presolana ITA"]
[Date "2002.08.26"]
[Round "7"]
[White "Isonzo, David"]
[Black "Skembris, Spyridon"]
[Result "1/2-1/2"]
[WhiteElo "2337"]
[BlackElo "2431"]
[PlyCount "61"]
[EventDate "2002.08.20"]

1.e4 e5 2.Nf3 Nc6 3.Bb5 a6 4.Ba4 Nf6 5.O-O Be7 6.Re1 b5 7.Bb3 d6 8.c3 O-O 
9.h3 Na5 10.Bc2 c5 11.d4 Qc7 12.Nbd2 Rd8 13.dxe5 dxe5 14.Qe2 Bb7 15.Nf1 c4
16.Ng3 g6 17.Bg5 Bc6 18.Nh2 Nh5 19.Bxe7 Nf4 20.Qe3 Qxe7 21.Qb6 Rd2 22.Rac1
Qd8 23.Qxd8+ Rdxd8 24.Ng4 Nd3 25.Bxd3 cxd3 26.Rcd1 Nc4 27.b3 h5 28.Nf6+ 
Kg7 29.Nd5 Bxd5 30.exd5 Nb6 31.Rxe5 1/2-1/2

[Event "XXII Festival Conca della Presolana Magistrale"]
[Site "Bratto - Castione della Presolana ITA"]
[Date "2002.08.26"]
[Round "7"]
[White "Khenkin, Igor"]
[Black "Marchand, Francois"]
[Result "1-0"]
[WhiteElo "2598"]
[BlackElo "2237"]
[PlyCount "55"]
[EventDate "2002.08.20"]

1.d4 Nf6 2.c4 e5 3.dxe5 Ng4 4.e3 Nxe5 5.Nh3 d6 6.Nf4 g6 7.Be2 Bg7 8.Nc3 
O-O 9.O-O Nbd7 10.Qd2 a5 11.b3 Nc5 12.Ba3 b6 13.Rad1 Kh8 14.Nfd5 f5 15.f3 
g5 16.f4 Nf7 17.fxg5 Nxg5 18.Bb2 Be5 19.Nb5 Nce6 20.Bxe5+ dxe5 21.Qb2 Nf7 
22.Ndxc7 Kg7 23.Nxa8 Bb7 24.Bf3 Bxa8 25.Bxa8 Qxa8 26.Rf3 Rg8 27.Nd6 Kf6 
28.Rxf5+ 1-0

[Event "XXII Festival Conca della Presolana Magistrale"]
[Site "Bratto - Castione della Presolana ITA"]
[Date "2002.08.26"]
[Round "7"]
[White "Lanzani, Mario"]
[Black "Cacco, Christian"]
[Result "1-0"]
[WhiteElo "2349"]
[BlackElo "2248"]
[PlyCount "52"]
[EventDate "2002.08.20"]

1.e4 g6 2.d4 Bg7 3.Nf3 d6 4.Be2 Nf6 5.Nc3 c6 6.O-O O-O 7.Re1 b5 8.e5 Ne8 
9.Bf4 d5 10.h3 Nc7 11.Qd2 Nd7 12.Bh6 f6 13.Bxg7 Kxg7 14.Bf1 Re8 15.a4 b4 
16.Na2 a5 17.c3 c5 18.exf6+ exf6 19.Rxe8 Qxe8 20.Re1 Qf7 21.Qf4 Ra7 22.
dxc5 Nxc5 23.cxb4 N5e6 24.Qe3 Ne8 25.Nd4 Nxd4 26.Qxd4 axb4 1-0

[Event "XXII Festival Conca della Presolana Magistrale"]
[Site "Bratto - Castione della Presolana ITA"]
[Date "2002.08.26"]
[Round "7"]
[White "Lapiccirella, Mattia"]
[Black "Drabke, Lorenz Maximilian"]
[Result "0-1"]
[WhiteElo "2192"]
[BlackElo "2362"]
[PlyCount "90"]
[EventDate "2002.08.20"]

1.d4 d5 2.c4 c6 3.Nf3 Nf6 4.e3 Bf5 5.Nc3 e6 6.Bd3 Bxd3 7.Qxd3 Nbd7 8.O-O 
Bb4 9.Bd2 a5 10.a3 Be7 11.Rfd1 O-O 12.e4 dxe4 13.Nxe4 Nxe4 14.Qxe4 Qb6 15.
Qc2 a4 16.Be3 Qa6 17.Rac1 Rac8 18.h4 h6 19.g3 Bf6 20.Bf4 Rfd8 21.Rd3 c5 
22.Be5 Be7 23.d5 Nxe5 24.Nxe5 exd5 25.Rxd5 Rxd5 26.cxd5 Bf6 27.f4 c4 28.
Qf2 Qd6 29.Qd4 b5 30.Kh2 Rd8 31.Rd1 g6 32.Qe4 Kg7 33.Rd2 c3 34.bxc3 Qxa3 
35.Qb4 Qc1 36.Rd4 a3 37.Qxb5 Qxc3 38.Ra4 Bxe5 39.fxe5 Rxd5 40.Qxd5 Qc2+ 
41.Kh3 Qxa4 42.Qd6 a2 43.Qf6+ Kg8 44.Qd8+ Kh7 45.Qe7 Kg7 0-1

[Event "XXII Festival Conca della Presolana Magistrale"]
[Site "Bratto - Castione della Presolana ITA"]
[Date "2002.08.26"]
[Round "7"]
[White "Mazzariol, Oscar"]
[Black "Del Giudice, Stefano"]
[Result "1-0"]
[WhiteElo "2151"]
[BlackElo "2073"]
[PlyCount "67"]
[EventDate "2002.08.20"]

1.d4 d6 2.Nf3 g6 3.g3 Bg7 4.c4 Nf6 5.Bg2 O-O 6.Nc3 Bf5 7.O-O Nc6 8.b3 a6 
9.Bb2 Rb8 10.Re1 b5 11.e4 Bd7 12.cxb5 axb5 13.Qe2 e5 14.Nxb5 Rxb5 15.Qxb5 
Nxd4 16.Qd3 Bb5 17.Qd2 c5 18.Bxd4 exd4 19.e5 Ng4 20.exd6 Qxd6 21.a4 Bh6 
22.Qd1 Bc6 23.Qd3 f5 24.h3 Be4 25.Rxe4 fxe4 26.Qxe4 Nf6 27.Qe5 Qb6 28.a5 
Qxb3 29.Qxc5 d3 30.Qd4 Bg7 31.Ne5 Kh8 32.a6 Nh5 33.a7 Qc2 34.a8=Q 1-0

[Event "XXII Festival Conca della Presolana Magistrale"]
[Site "Bratto - Castione della Presolana ITA"]
[Date "2002.08.26"]
[Round "7"]
[White "Menoni, Vincenzo"]
[Black "Piantoni, Roberto"]
[Result "1/2-1/2"]
[WhiteElo "2228"]
[BlackElo "2171"]
[PlyCount "44"]
[EventDate "2002.08.20"]

1.e4 Nf6 2.e5 Nd5 3.d4 d6 4.Nf3 g6 5.Bc4 c6 6.exd6 Qxd6 7.O-O Bg7 8.Re1 
Bg4 9.Bg5 O-O 10.Nbd2 e6 11.Bb3 Na6 12.Ne4 Qc7 13.c4 Nb6 14.h3 Bxf3 15.
Qxf3 f5 16.Nc5 Nxc5 17.dxc5 Nd7 18.Rxe6 Rae8 19.Bf4 Ne5 20.Bxe5 Bxe5 21.
Rxe8 Rxe8 22.Re1 Bh2+ 1/2-1/2

[Event "XXII Festival Conca della Presolana Magistrale"]
[Site "Bratto - Castione della Presolana ITA"]
[Date "2002.08.26"]
[Round "7"]
[White "Osuna Munoz, Xavier"]
[Black "Pienabarca, Nicola"]
[Result "1-0"]
[WhiteElo "2113"]
[BlackElo "2062"]
[PlyCount "61"]
[EventDate "2002.08.20"]

1.e4 e6 2.d3 g6 3.g3 c5 4.Bg2 Bg7 5.Nf3 Nc6 6.O-O Nge7 7.c3 d6 8.Re1 e5 9.
Be3 O-O 10.d4 exd4 11.cxd4 Bg4 12.dxc5 Bxb2 13.Nbd2 dxc5 14.Rb1 Bc3 15.Qc2
Bxf3 16.Qxc3 Bxg2 17.Kxg2 Re8 18.Rxb7 Qc8 19.Reb1 Qe6 20.Bh6 Qe5 21.Qxe5 
Nxe5 22.Rc1 Rac8 23.Nc4 Nd3 24.Rc3 Rcd8 25.Bg5 Kf8 26.e5 Nd5 27.Bh6+ Kg8 
28.Rxd3 Nf4+ 29.gxf4 Rxd3 30.Nd6 Ra8 31.Ne4 1-0

[Event "XXII Festival Conca della Presolana Magistrale"]
[Site "Bratto - Castione della Presolana ITA"]
[Date "2002.08.26"]
[Round "7"]
[White "Piva, Giorgio"]
[Black "Tirrito, Luca"]
[Result "1-0"]
[WhiteElo "2135"]
[BlackElo "2081"]
[PlyCount "57"]
[EventDate "2002.08.20"]

1.d4 Nf6 2.Bg5 e6 3.e4 Be7 4.e5 Nd5 5.Bxe7 Nxe7 6.Nc3 d5 7.exd6 Qxd6 8.Nf3
c6 9.Bd3 Nd7 10.Qe2 Nf6 11.O-O-O Ned5 12.Nxd5 cxd5 13.Ne5 O-O 14.g4 Nd7 
15.g5 Nxe5 16.dxe5 Qb4 17.Kb1 Bd7 18.Rhg1 Qh4 19.Rg4 Qh3 20.Rg3 Qh4 21.f4 
Bc6 22.Rdg1 d4 23.Qf1 Qxh2 24.Rh3 Bg2 25.Rxh2 Bxf1 26.Bxh7+ Kh8 27.Be4+ 
Kg8 28.Rgh1 f6 29.g6 1-0

[Event "XXII Festival Conca della Presolana Magistrale"]
[Site "Bratto - Castione della Presolana ITA"]
[Date "2002.08.26"]
[Round "7"]
[White "Popa, Claudiu"]
[Black "Salami, Marco"]
[Result "1/2-1/2"]
[WhiteElo "2081"]
[BlackElo "2206"]
[PlyCount "55"]
[EventDate "2002.08.20"]

1.e4 e6 2.d4 d5 3.Nd2 Nc6 4.c3 e5 5.exd5 Qxd5 6.Ngf3 exd4 7.Bc4 Qf5 8.Nxd4
Nxd4 9.cxd4 Be6 10.Qa4+ Bd7 11.Qb3 O-O-O 12.O-O Bd6 13.Qf3 Nh6 14.Qxf5 
Nxf5 15.Ne4 f6 16.Nxd6+ Nxd6 17.Bd3 Bf5 18.Be2 Rhe8 19.Be3 Be4 20.Rac1 Kb8
21.Rc3 Nf5 22.Rd1 Re7 23.Bg4 Nh4 24.Bh3 Bf5 25.Bxf5 Nxf5 26.g4 Nd6 27.Rdc1
Nb5 28.Rc4 1/2-1/2

[Event "XXII Festival Conca della Presolana Magistrale"]
[Site "Bratto - Castione della Presolana ITA"]
[Date "2002.08.26"]
[Round "7"]
[White "Preiss, Martin"]
[Black "Bellia, Fabrizio"]
[Result "1/2-1/2"]
[WhiteElo "2265"]
[BlackElo "2412"]
[PlyCount "51"]
[EventDate "2002.08.20"]

1.c4 Nf6 2.Nc3 e5 3.g3 d5 4.cxd5 Nxd5 5.Bg2 Nb6 6.Nf3 Nc6 7.Rb1 f5 8.d3 
Be7 9.O-O O-O 10.b4 Bf6 11.b5 Nd4 12.Nxd4 exd4 13.Qb3+ Kh8 14.Na4 Nxa4 15.
Qxa4 Re8 16.Qc2 Be5 17.Bd2 Rb8 18.a4 Bd7 19.Rfc1 Qf6 20.e3 dxe3 21.fxe3 
Bd6 22.Rf1 c6 23.bxc6 bxc6 24.Rxb8 Rxb8 25.Rb1 Qd8 26.Bc3 1/2-1/2

[Event "XXII Festival Conca della Presolana Magistrale"]
[Site "Bratto - Castione della Presolana ITA"]
[Date "2002.08.26"]
[Round "7"]
[White "Ranieri, Fabrizio"]
[Black "Mola, Pietro"]
[Result "0-1"]
[WhiteElo "2161"]
[BlackElo "2277"]
[PlyCount "66"]
[EventDate "2002.08.20"]

1.e4 c5 2.Nf3 d6 3.d4 cxd4 4.Nxd4 Nf6 5.Nc3 e6 6.Bc4 a6 7.Bb3 b5 8.a3 Be7 
9.O-O O-O 10.f4 Bb7 11.Qe2 Nc6 12.Nxc6 Bxc6 13.f5 e5 14.Qf3 Rc8 15.Bg5 
Qb6+ 16.Kh1 Nxe4 17.Bxe7 Nxc3 18.Qg4 Ne4 19.Qh4 Rfe8 20.f6 d5 21.Rae1 Qd4 
22.c3 Qd2 23.Rxe4 dxe4 24.Qh5 g6 25.Bxf7+ Kxf7 26.Qxh7+ Ke6 27.Qxg6 Rg8 
28.Qf5+ Kd5 29.Rf2 Qd1+ 30.Rf1 Qd2 31.Rf2 Qd1+ 32.Rf1 Qg4 33.Qf2 e3 0-1

[Event "XXII Festival Conca della Presolana Magistrale"]
[Site "Bratto - Castione della Presolana ITA"]
[Date "2002.08.26"]
[Round "7"]
[White "Ricci, Alfredo"]
[Black "Benincasa, Marco"]
[Result "0-1"]
[WhiteElo "2067"]
[BlackElo "2030"]
[PlyCount "88"]
[EventDate "2002.08.20"]

1.e4 Nf6 2.Nc3 d5 3.e5 Ne4 4.d4 Nxc3 5.bxc3 c5 6.Nf3 Bg4 7.h3 Bh5 8.Bb5+ 
Nc6 9.g4 Bg6 10.e6 Qb6 11.Bxc6+ Qxc6 12.exf7+ Bxf7 13.Ne5 Qf6 14.Qe2 c4 
15.Rb1 Rb8 16.O-O e6 17.f4 Bd6 18.f5 Qh4 19.Nxf7 Qg3+ 20.Qg2 Qxg2+ 21.Kxg2
Kxf7 22.fxe6+ Kxe6 23.Bg5 Rhf8 24.Rxf8 Bxf8 25.Re1+ Kd7 26.Re5 Kc6 27.Be7 
a6 28.Bxf8 Rxf8 29.Re7 Rg8 30.g5 b5 31.Re6+ Kc7 32.Rxa6 Rb8 33.Ra7+ Kd6 
34.Rxg7 Ra8 35.Rxh7 Rxa2 36.Rf7 Rxc2+ 37.Kg3 Rxc3+ 38.Kg4 Rc1 39.Rb7 c3 
40.Rb6+ Ke7 41.Kh5 c2 42.Rc6 b4 43.g6 b3 44.g7 Rg1 0-1